Statistics for Members of EXO (K-Pop)

Click here to take the quiz!

General Stats

  • This quiz has been taken 2,442 times
  • The average score is 12 of 12

Answer Stats

Answer % Correct
DO
98%
Kai
98%
Baekhyun
97%
Chanyeol
97%
Chen
97%
Sehun
97%
Suho
97%
Lay
96%
Kris
95%
Xiumin
95%
Luhan
93%
Tao
93%

Score Distribution

Percentile by Number Answered

Percent of People with Each Score

Your Score History

You have not taken this quiz